000 00470nam a2200157 i 4500
001 49292
003 ES-MaACL
005 20230906161923.0
007 t|
008 030714s1955 sp ||||1| spa d
100 1 _aCortés Carrasco, Joaquín.
_940877
245 1 3 _aLa obesidad
_b: (alimentos reductores) /
_cJoaquín Cortés Carrasco.
260 _aMadrid :
_b[s.n.],
_c1955 (
_fGráficas Martín)
300 _a176 p. ;
_c21 cm.
852 _aES-MaACL
_jC-10079
_bR.38041
999 _c49292
_d49292